LEADER 00923nam0 2200265 450 001 000019996 005 20081126123915.0 010 $a0130515183 100 $a20081126d1996----km-y0itay50------ba 101 0 $aeng 102 $aUS 105 $ay-------001yy 200 1 $aNumerical analysis and graphic visualization with MATLAB$fShoichiro Nakamura 210 $aUpper Saddle River$cPrentice Hall PTR$dc1996 215 $aXI, 477 p.$d24 cm 500 10$aNumerical analysis and graphic visualization with MATLAB$933677 610 1 $aElaboratori elettronici$aGrafica 610 1 $aElaboratori elettronici$aLinguaggio Matlab 676 $a519.402 85$v19 700 1$aNakamura,$bShoichiro$0632477 801 0$aIT$bUNIPARTHENOPE$c20081126$gRICA$2UNIMARC 912 $a000019996 951 $aM 519.402 85/8$bM 1392$cDSA$d2008 996 $aNumerical analysis and graphic visualization with MATLAB$933677 997 $aUNIPARTHENOPE